Basic Words - A - Statistics

General Stats
  • This quiz has been taken 52 times
  • The average score is 9 of 10
Answer Stats
Hint Answer % Correct
Not a crocodile Alligator
98%
Fruit always used in the alphabet Apple
98%
Robin Hood-like sport Archery
93%
Emergency vehicle Ambulance
91%
Weapon used in this sport Arrow
91%
Birds, dogs, elephants, people etc. Animal
89%
Been to space Astronaut
86%
Keeps boats from drifting away Anchor
82%
Picnic Enemy Ant
75%
First word in the dictionary Aardvark
59%
No matching quizzes found
Score Distribution
Percent of People with Each Score
Percentile by Number Answered
Your Score History
You have not taken this quiz